| 000 | 00000nam##2200000za#4500 |
| 001 | 9.700416 |
| 003 | CaOODSP |
| 005 | 20210625000826 |
| 007 | cr ||||||||||| |
| 008 | 150407|1984||||xxc|||||o f|0| 0 eng|d |
| 040 | |aCaOODSP|beng |
| 043 | |an-cn--- |
| 086 | 1 |aA53-1758/1984E-PDF |
| 110 | 1 |aCanada.|bAgriculture Canada. |bCommunications Branch. |
| 245 | 10|aBean diseases and their control / |h[electronic resource]|c[by] J.C. Tu. |
| 250 | |aReprinted 1989 |
| 260 | |aOttawa - Ontario : |bAgriculture Canada. |c1984. |
| 300 | |a40p.|bcoloured illus. |
| 500 | |aIncorrect copyright date (1992) printed in this publication. |
| 500 | |aHistorical publication digitized by Agriculture and Agri-Food Canada. |
| 590 | |a15-03-Supp|b2015-03-13 |
| 690 | 07|aPlants|2gcpds |
| 690 | 07|aWild plants|2gcpds |
| 720 | 1 |aTu, J. C. |
| 775 | 08|tMaladies des haricots et moyens de lutte / |w(CaOODSP)9.644303 |
| 856 | 40|ahttp://publications.gc.ca|qPDF|s2425 KB|uhttps://publications.gc.ca/collections/collection_2015/aac-aafc/A53-1758-1984-eng.pdf |
| 986 | |aPublication 1758E |